000 00681nam a2200289Ia 4500
005 20260324123349.0
008 008 260324s9999 xx 000 0 eng d
020 _a9781315086033
037 _aEBOOK
040 _aCRL
040 _beng
040 _cCRL
041 _2eng
041 _aeng
084 _qCRL
100 _aAnne Freadman
_91170029
245 4 _aThe Livres-souvenirs of Colette
245 0 _bGenre and the Telling of Time
260 _bTaylor and Francis
260 _c2012
365 _a
365 _b93.99
856 _uhttp://www.taylorfrancis.com/books/9781315086033
942 _cEBOOK
999 _c1763490
_d1763490